000 00580nam a22001817a 4500
005 20180725104917.0
010 _aENG-100057
020 _a8185353507
_c350.00
035 _aEN-83589, B-159680 , B-159661
037 _bDBAD/PUB
082 _a808.88
245 _aMotilal Jotwani :
_bsome reprensatative texts /
_ccompiled by Suresh Saraswat
260 _aNew Delhi
_bAditya Books
_c2005
270 _a119, Vinobapuri , Lajpat Nagar- II
_bNew Delhi
_e110024
300 _a159p.
_c22cm (Hb)
700 _aSaraswat, Suresh
_912903
942 _2ddc
_cEN
_h808.88
_mMOT
999 _c41723
_d41723